000 00548pab a2200169 454500
008 180718b2003 xxu||||| |||| 00| 0 eng d
100 _aPatel, R.B.
245 _aConstitutional amendment and changing panchayati raj institutions: a study of empowerment of women and scheduled castes in Kolhapur district
260 _c2003
300 _ap.129-45.
362 _aJan-Jun
650 _a Panchayat - India - Maharashtra
650 _aIndia - Constitution - Amendment - 73rd
650 _aPanchayat
773 _aIASSI Quarterly
909 _a60968
999 _c60968
_d60968